Statistics for NRL Goal Kickers From Each Team

Click here to take the quiz!

General Stats

  • This quiz has been taken 1,127 times
    (1,125 since last reset)
  • The average score is 7 of 16

Answer Stats

Hint Answer % Correct
Melbourne StormCameron Smith
71%
North Queensland CowboysJohnathan Thurston
71%
Brisbane BroncosCorey Parker
70%
South Sydney RabbitohsAdam Reynolds
50%
New Zealand WarriorsJames Maloney
50%
St George Illawarra DragonsJamie Soward
49%
Manly Sea EaglesJamie Lyon
47%
West TigersBenji Marshall
46%
Canberra RaidersJarrod Croker
41%
Newcastle KnightsKurt Gidley
32%
Gold Coast TitansScott Prince
30%
Parramatta EelsLuke Burt
28%
Cronulla SharksTodd Carney
26%
Sydney RoostersBraith Anasta
21%
Canterbury BulldogsKrisnan Inu
19%
Penrith PanthersLuke Walsh
11%

Score Distribution

Percentile by Number Answered

Percent of People with Each Score

Your Score History

You have not taken this quiz since the last reset